| 000 | 00904nas a2200301 4500 | ||
|---|---|---|---|
| 001 | BR2015007143 | ||
| 003 | BR-BrBNA | ||
| 005 | 20231205130001.0 | ||
| 007 | ta | ||
| 008 | 230509b bl.|||p| |||| 00| 00por d | ||
| 040 |
_aBR-BrBNA _bpor _cBiblioteca Nacional de Agricultura |
||
| 041 | _a(Pt) | ||
| 072 | _aE70 | ||
| 100 | 1 | _aSoares, P.R.C. | |
| 100 | 1 | _aCardoso, M.V. | |
| 100 | 1 | _aSchirigatti, E.L. | |
| 100 | 1 | _aAlmeida, A.N. de | |
| 100 | 1 | _aSilva, J.C.G.L. da | |
| 100 | 1 | _aTimofeiczyk Júnior, R. | |
| 245 | 1 | _aComportamento sazonal da exportação brasileira de celulose para a China entre 1997 e 2012 | |
| 650 | _aCELULOSE | ||
| 650 | _aCOMERCIO EXTERIOR | ||
| 650 | _aOFERTA | ||
| 650 | _aPRECO | ||
| 773 | 0 |
_tRevista Floresta (Brazil) _xISSN 0015-3826 _g(Apr-Jun 2015), v. 45(2) p. 251-260 _wBR2015007143 |
|
| 909 |
_a202311 _bLúcia _c55 _dLúcia Elande |
||
| 942 |
_2AGRIS _n0 _cANA |
||
| 999 |
_c247262 _d247262 |
||